000 01065nam a22002777a 4500
003 OSt
005 20240722094910.0
008 210308b 2020 dr a 00| 0 eng d
020 _a9789945917383
040 _aDO-SdBNP
_bspa
_cBNPHU
082 4 _222
_a641.5
_bR628a
100 1 _aRo, Sari
_976247
245 1 0 _aAlimentación consciente y saludable :
_brecetas fáciles y sencillas /
_cSaribelkis Castillo Rodríguez (Sari Ro) ; fotografías: Tiaris Cabrera, Sari Ro y Nilsa Jiménez.
260 _aSan José de las Matas, República Dominicana :
_bOpus Editorial,
_c2020.
300 _a123 p. :
_bil. ;
_c22 cm.
500 _aIncluye datos biográficos de la autora en las solapas.
504 _aBibliografía : p. 119-121
590 _aInventariado, 2021 /LP
650 4 _aPreparación de alimentos
_9193
650 0 _aGastronomía
_9362
650 0 _aComidas y banquetes
_918978
700 1 _aCabrera, Tiaris,
_efotografías
_978029
700 1 _aJiménez, Nilsa,
_efotografías
_978030
910 _aValidado. Control de calidad MFF
942 _2ddc
_cLBS1
999 _c49509
_d49509